000 00705nam a2200241Ia 4500
003 OSt
005 20220927105457.0
006 a|||||r|||| 00| 0
007 ta
008 220926b |||||||| |||| 00| 0 eng d
024 _a184744
037 _cReference Collections
040 _aRTL
_cRTL
_beng
041 _2eng
_aeng
082 _a"V1N45,93:3.N91r, N1.34/UN"
110 _aUNITED NATIONS
245 0 _aGeneral assembly official records
_b46th session.
260 _aNew
_bYork UN
_c1991
300 _a"v,39p. Suppl.34"
_ccm.
700 _aUNITED NATIONS
942 _h"V1N45,93:3.N91r, N1.34/UN"
_cCC
999 _c692737
_d692737